| 000 | 00487 a2200145 4500 | ||
|---|---|---|---|
| 020 | _a818704604X (hardcover) | ||
| 020 | _a9788187046042 (hardcover) | ||
| 090 |
_c4662 _d4662 |
||
| 100 | 1 | _aNarula, Subhash. | |
| 245 | 1 | 0 |
_aDictionary of international trade / _cSubhash Narula. |
| 260 |
_a[S.l.] : _bNew Century Publications, _c1998. |
||
| 300 | _a1 v. (unpaged) | ||
| 856 | 4 | 0 |
_3Amazon.com _uhttp://www.amazon.com/exec/obidos/ASIN/818704604X/chopaconline-20 |
| 942 |
_aNBS _cBK _k382.03 NAR |
||
| 999 |
_c347097 _d347097 |
||